000 00670nam a2200205 i 4500
001 56686
003 ES-MaACL
005 20250531213405.0
007 t|
008 031010s1975 sp ||||1| spa d
245 0 0 _aDios y la ciudad
_b: nuevos planteamientos en teología política /
_cK. Rahner ... [et al.] ; introducción de José Gómez Caffarena.
260 _aMadrid :
_bCristiandad,
_c[1975]
300 _a200 p. ;
_c18 cm.
490 1 _aEpifanía ;
_v22
700 1 _aGómez Caffarena, José.
_957850
700 1 _aRahner, Karl,
_d1904-1984
_995012
830 0 _aEpifanía ;
_v22
_9182104
852 _aES-MaACL
_jE-8692
_bR.92365
999 _c56686
_d56686